[Event "ENCI Limburg-open A"]
[Site "Maastricht"]
[Date "2007.05.27"]
[Round "4"]
[White "Luch, Michael"]
[Black "Vanwersch, Sander"]
[Result "1-0"]
[WhiteElo "2336"]
[BlackElo "2126"]
[PlyCount "105"]
[EventDate "2007.05.25"]
[EventType "swiss"]
[EventRounds "7"]
[EventCountry "NED"]
[Source "P.Boonen"]
[SourceDate "2010.01.01"]

1. d4 d5 2. c4 Nc6 3. Nc3 Nf6 4. cxd5 Nxd5 5. e4 Nxc3 6. bxc3 e5 7. d5 Nb8 8.
Nf3 Bd6 9. Bd3 O-O 10. O-O f5 11. exf5 Bxf5 12. Bxf5 Rxf5 13. Qc2 Qf6 14. Nd2
Rh5 15. Ne4 Qg6 16. Qa4 Na6 17. Nxd6 Qxd6 18. Ba3 Qxd5 19. Rfd1 Qe6 20. Qb5 Rb8
21. Rd7 Rf5 22. Rad1 e4 23. Rd8+ Rxd8 24. Rxd8+ Kf7 25. Rf8+ Kg6 26. Rxf5 Qxf5
27. Qxb7 Qe6 28. Qxa7 Qb6 29. Qxb6+ cxb6 30. Kf1 Kf5 31. c4 Nb8 32. Bd6 Nc6 33.
Bc7 Ne5 34. Bxb6 Nxc4 35. Bd4 g6 36. Ke2 Ke6 37. Kd1 Kd5 38. Bf6 Kc5 39. Ke2
Kd5 40. a4 Nd6 41. a5 Kc6 42. Bc3 Nc4 43. f3 exf3+ 44. Kxf3 Kd5 45. a6 Nb6 46.
Kf4 Ke6 47. a7 Na8 48. Ke4 Nc7 49. Be5 Na8 50. Bb8 Nb6 51. Kd4 Na8 52. Kc5 Kd7
53. Bf4 1-0

[Event "ENCI Limburg-open A"]
[Site "Maastricht"]
[Date "2007.05.27"]
[Round "4"]
[White "Miedema, Roi"]
[Black "Skrijelj, Redzep"]
[Result "1-0"]
[WhiteElo "2248"]
[BlackElo "2006"]
[PlyCount "71"]
[EventDate "2007.05.25"]
[EventType "swiss"]
[EventRounds "7"]
[EventCountry "NED"]
[Source "P.Boonen"]
[SourceDate "2010.01.01"]

1. d4 d5 2. c4 c6 3. Nc3 Nf6 4. e3 e6 5. Nf3 Nbd7 6. Qc2 Bd6 7. g4 dxc4 8. Bxc4
b5 9. Be2 Bb7 10. e4 e5 11. g5 Ng4 12. h3 exd4 13. Nxd4 Bc5 14. hxg4 Bxd4 15.
Bd2 Qb6 16. O-O-O Bxf2 17. e5 O-O-O 18. Nxb5 Kb8 19. Nc3 Nxe5 20. Rxh7 Rxh7 21.
Qxh7 g6 22. Qh2 Re8 23. Kb1 Be3 24. Na4 Qd4 25. Bxe3 Qxe3 26. Rd3 Qxg5 27. Nc5
Bc8 28. Rb3+ Kc7 29. Qf2 Bxg4 30. Ne4 Qh6 31. Qxa7+ Kd8 32. Rb8+ Bc8 33. Rxc8+
Kxc8 34. Ba6+ Kd8 35. Qb8+ Kd7 36. Qd6# 1-0

[Event "ENCI Limburg-open A"]
[Site "Maastricht"]
[Date "2007.05.27"]
[Round "4"]
[White "Mull, Thomas"]
[Black "Caessens, Rob"]
[Result "0-1"]
[WhiteElo "2042"]
[BlackElo "2221"]
[PlyCount "106"]
[EventDate "2007.05.25"]
[EventType "swiss"]
[EventRounds "7"]
[EventCountry "NED"]
[Source "P.Boonen"]
[SourceDate "2010.01.01"]

1. e4 d6 2. d4 Nf6 3. Nc3 g6 4. Nf3 Bg7 5. Be2 O-O 6. O-O c6 7. a4 Qc7 8. h3 e5
9. dxe5 dxe5 10. Be3 Nh5 11. Bc4 h6 12. Qc1 Kh7 13. Bc5 Re8 14. Rd1 Be6 15.
Bxe6 Rxe6 16. Qd2 Re8 17. Bd6 Qc8 18. Bxb8 Rxb8 19. Qd7 Qxd7 20. Rxd7 Kg8 21.
Kf1 Bf8 22. a5 Nf6 23. Rd3 Bb4 24. Ra4 Bc5 25. Rc4 Bf8 26. Nd2 a6 27. Na4 Rbd8
28. Ke2 Rxd3 29. Kxd3 Nd7 30. Nb3 f6 31. Nbc5 Nxc5+ 32. Nxc5 Rd8+ 33. Ke3 Rd4
34. Rc3 Bxc5 35. Rxc5 Ra4 36. b3 Ra1 37. Kd2 Kf7 38. Kc3 Ke6 39. Kb4 Rf1 40.
Rc3 Rxf2 41. Kc5 Kd7 42. Kb6 Kc8 43. Rg3 g5 44. c4 h5 45. Kc5 Rf4 46. Rf3 Kc7
47. Re3 g4 48. Re2 g3 49. h4 Rxh4 50. Re3 Rg4 51. Rf3 Rg6 52. Rf1 h4 53. Rh1
Rg4 0-1

[Event "ENCI Limburg-open A"]
[Site "Maastricht"]
[Date "2007.05.27"]
[Round "4"]
[White "Nabuurs, Mart"]
[Black "Heinen, Igor"]
[Result "1-0"]
[WhiteElo "2096"]
[BlackElo "1921"]
[PlyCount "77"]
[EventDate "2007.05.25"]
[EventType "swiss"]
[EventRounds "7"]
[EventCountry "NED"]
[Source "P.Boonen"]
[SourceDate "2010.01.01"]

1. e4 d5 2. exd5 Qxd5 3. Nf3 Bg4 4. Be2 Nf6 5. d4 c6 6. c4 Qa5+ 7. Nc3 e6 8. h3
Bxf3 9. Bxf3 Bd6 10. O-O O-O 11. Be3 Nbd7 12. Qc2 Rac8 13. a3 b5 14. b4 Qd8 15.
c5 Bb8 16. a4 a6 17. axb5 axb5 18. Ra6 Nd5 19. Nxd5 exd5 20. Bg4 g6 21. Bh6 f5
22. Bxf8 Qxf8 23. Bf3 Nf6 24. Re1 Ne4 25. Bxe4 fxe4 26. Qe2 Qf6 27. Qxb5 Rf8
28. Qe2 Qxd4 29. Rxc6 Qe5 30. Qg4 Rf5 31. Rc8+ Kg7 32. Rxb8 Qxb8 33. Rb1 Qe5
34. Qe2 d4 35. c6 e3 36. fxe3 Qe4 37. Rc1 dxe3 38. c7 Rf2 39. Qg4 1-0

[Event "ENCI Limburg-open A"]
[Site "Maastricht"]
[Date "2007.05.27"]
[Round "4"]
[White "Nijs, Nils"]
[Black "Bus, Tom"]
[Result "1/2-1/2"]
[WhiteElo "1986"]
[BlackElo "2230"]
[PlyCount "77"]
[EventDate "2007.05.25"]
[EventType "swiss"]
[EventRounds "7"]
[EventCountry "NED"]
[Source "P.Boonen"]
[SourceDate "2010.01.01"]

1. d4 Nf6 2. c4 c5 3. d5 b5 4. f3 g6 5. e4 d6 6. cxb5 Bg7 7. Ne2 a6 8. Nec3 O-O
9. Bc4 axb5 10. Nxb5 Ba6 11. N1c3 Nfd7 12. a4 Ne5 13. Be2 Bxb5 14. Nxb5 Na6 15.
Bd2 c4 16. f4 Nd3+ 17. Bxd3 cxd3 18. Bc3 Nc5 19. Bxg7 Kxg7 20. b4 d2+ 21. Qxd2
Nxa4 22. Qd4+ Kg8 23. O-O Qd7 24. Na3 Rfc8 25. Rfc1 Qg4 26. Qe3 Rab8 27. h3 Qd7
28. Rxc8+ Rxc8 29. Rc1 Rxc1+ 30. Qxc1 Qa7+ 31. Kh2 Qd4 32. Qc8+ Kg7 33. Qd7
Qxb4 34. Qxe7 Qxa3 35. e5 Qe3 36. Qf6+ Kg8 37. Qd8+ Kg7 38. Qf6+ Kg8 39. Qd8+
1/2-1/2

[Event "ENCI Limburg-open A"]
[Site "Maastricht"]
[Date "2007.05.27"]
[Round "4"]
[White "Ouwersloot, Hans"]
[Black "Klein, Felix"]
[Result "0-1"]
[WhiteElo "1948"]
[BlackElo "2207"]
[PlyCount "104"]
[EventDate "2007.05.25"]
[EventType "swiss"]
[EventRounds "7"]
[EventCountry "NED"]
[Source "P.Boonen"]
[SourceDate "2010.01.01"]

1. e4 c5 2. c3 Nf6 3. e5 Nd5 4. d4 cxd4 5. cxd4 d6 6. Nf3 e6 7. Nc3 Nxc3 8.
bxc3 Qc7 9. Bd2 Nd7 10. exd6 Bxd6 11. Bd3 b6 12. O-O Bb7 13. a4 O-O 14. a5 Bxf3
15. Qxf3 Bxh2+ 16. Kh1 Bd6 17. axb6 Nxb6 18. c4 Be7 19. Rfb1 Qd8 20. Qe4 g6 21.
Ba5 Qc8 22. Bxb6 axb6 23. Rxa8 Qxa8 24. Rxb6 Qa2 25. Qe3 Bf6 26. d5 exd5 27.
cxd5 Rd8 28. Qf3 Bd4 29. Rb7 Qxd5 30. Qxd5 Rxd5 31. Bc4 Rf5 32. Rd7 Bxf2 33. g4
Rf4 34. Bb3 Bb6 35. Rb7 Bc5 36. Rc7 Bd6 37. Rd7 Bf8 38. Kh2 Kg7 39. Kg3 g5 40.
Ba2 Bb4 41. Bd5 Kf8 42. Rb7 Bd6 43. Rd7 Be5 44. Kh3 Rf2 45. Bg2 Rc2 46. Rd3 Kg7
47. Re3 Bf4 48. Rf3 h5 49. gxh5 f5 50. h6+ Kxh6 51. Rf1 Rc3+ 52. Bf3 Rxf3+ 0-1

[Event "ENCI Limburg-open A"]
[Site "Maastricht"]
[Date "2007.05.27"]
[Round "4"]
[White "Pedersen, Lars Erik"]
[Black "Larmuseau, Michiel"]
[Result "0-1"]
[WhiteElo "2053"]
[BlackElo "1850"]
[PlyCount "114"]
[EventDate "2007.05.25"]
[EventType "swiss"]
[EventRounds "7"]
[EventCountry "NED"]
[Source "P.Boonen"]
[SourceDate "2010.01.01"]

1. e4 e5 2. Bc4 Nc6 3. Nc3 Bc5 4. d3 d6 5. Nge2 Bg4 6. O-O Nge7 7. Kh1 Ng6 8.
f3 Be6 9. Bxe6 fxe6 10. Na4 Bb6 11. Nxb6 axb6 12. f4 exf4 13. Nxf4 Nxf4 14.
Rxf4 Qe7 15. Be3 Kd7 16. a3 Rhf8 17. Qd2 Rxf4 18. Bxf4 Rf8 19. Bg3 Qf6 20. Qc1
Nd4 21. e5 Qf5 22. h3 h5 23. exd6 cxd6 24. Qd1 Qg5 25. c3 Qxg3 26. cxd4 Rf2 27.
Qa4+ Ke7 28. Rg1 Qxd3 29. Qa7 Qxd4 30. Qxb7+ Kf6 31. Qb8 Rf4 32. Qf8+ Kg5 33.
Qe7+ Kf5 34. Re1 Re4 35. Qf7+ Ke5 36. Qxg7+ Kd5 37. Qb7+ Ke5 38. Qg7+ Kd5 39.
Qb7+ Ke5 40. Rxe4+ Qxe4 41. Qxb6 Qe1+ 42. Qg1 Qe2 43. Qb1 d5 44. Qc1 d4 45.
Qg5+ Ke4 46. Qg6+ Kd5 47. Qg5+ e5 48. Qg8+ Ke4 49. Qg6+ Ke3 50. Qb6 Qf1+ 51.
Kh2 Qf4+ 52. Kg1 Ke2 53. a4 d3 54. Qb5 Qd4+ 55. Kh1 Kf1 56. Kh2 h4 57. Qb3 Qg1#
0-1

[Event "ENCI Limburg-open A"]
[Site "Maastricht"]
[Date "2007.05.27"]
[Round "4"]
[White "Peek, Maurice"]
[Black "Arnelind, Mikael"]
[Result "1-0"]
[WhiteElo "2365"]
[BlackElo "2155"]
[PlyCount "113"]
[EventDate "2007.05.25"]
[EventType "swiss"]
[EventRounds "7"]
[EventCountry "NED"]
[Source "P.Boonen"]
[SourceDate "2010.01.01"]

1. d4 Nf6 2. c4 e6 3. g3 d5 4. Bg2 Bb4+ 5. Nd2 Nc6 6. Ngf3 dxc4 7. Qc2 b5 8. a4
Bb7 9. axb5 Nxd4 10. Qxc4 Qd5 11. Qxd5 Bxd5 12. Nxd4 Bxg2 13. Rg1 Bb7 14. Ra4
Bc5 15. N4b3 Bb6 16. Nc4 O-O 17. Be3 Bd5 18. Bd4 Rfd8 19. f3 e5 20. Bc5 Nd7 21.
Bf2 Bxf2+ 22. Kxf2 Nb6 23. Nxb6 axb6 24. Rb4 Be6 25. Rc1 Rd7 26. Rc2 Kf8 27.
Nc1 Ke7 28. f4 exf4 29. gxf4 Kd8 30. e4 g6 31. Ne2 Rd1 32. Ke3 Raa1 33. Rd4+
Rxd4 34. Kxd4 Ra5 35. Nc3 Ra1 36. Rf2 Bd7 37. Ke5 f5 38. exf5 Bxf5 39. Rd2+ Kc8
40. Kf6 Re1 41. Re2 Rxe2 42. Nxe2 Bd3 43. Nd4 Kd7 44. h4 Kd6 45. Ne6 Kd5 46.
Nxc7+ Ke4 47. Kg5 Kf3 48. Ne6 Kg3 49. Nf8 h6+ 50. Kxh6 Kxh4 51. Nxg6+ Kg3 52.
Kg5 Bxb5 53. f5 Kf2 54. Ne5 Ke3 55. f6 Be8 56. Nc4+ Kd4 57. Nd6 1-0

[Event "ENCI Limburg-open A"]
[Site "Maastricht"]
[Date "2007.05.27"]
[Round "4"]
[White "Peric, Mijo"]
[Black "Moors, Hans"]
[Result "0-1"]
[WhiteElo "2006"]
[BlackElo "2280"]
[PlyCount "56"]
[EventDate "2007.05.25"]
[EventType "swiss"]
[EventRounds "7"]
[EventCountry "NED"]
[Source "P.Boonen"]
[SourceDate "2010.01.01"]

1. e4 e5 2. Nf3 Nc6 3. d4 exd4 4. Bc4 Nf6 5. e5 d5 6. Bb5 Ne4 7. Nxd4 Bc5 8.
Be3 Bd7 9. e6 fxe6 10. Bxc6 bxc6 11. Qh5+ g6 12. Qe5 Qf6 13. Qxf6 Nxf6 14. Nxe6
Bxe3 15. Nxc7+ Kf7 16. fxe3 Rac8 17. Na6 c5 18. b4 cxb4 19. Nxb4 a5 20. Nd3
Rxc2 21. Ne5+ Ke6 22. Nxd7 Rc1+ 23. Ke2 Rxh1 24. Nc5+ Ke7 25. Nb3 a4 26. N3d2
Rb8 27. Nf1 Ne4 28. Na3 Rb2+ 0-1

[Event "ENCI Limburg-open A"]
[Site "Maastricht"]
[Date "2007.05.27"]
[Round "4"]
[White "Pijpers, Arthur"]
[Black "Dunn, Alan"]
[Result "1-0"]
[WhiteElo "1835"]
[BlackElo "2164"]
[PlyCount "39"]
[EventDate "2007.05.25"]
[EventType "swiss"]
[EventRounds "7"]
[EventCountry "NED"]
[Source "P.Boonen"]
[SourceDate "2010.01.01"]

1. e4 c5 2. Nf3 d6 3. d4 cxd4 4. Nxd4 Nf6 5. Nc3 a6 6. Bg5 e6 7. f4 Qb6 8. Qd2
Qxb2 9. Rb1 Qa3 10. e5 dxe5 11. fxe5 Nfd7 12. Ne4 Qxa2 13. Rb3 h6 14. Qc3 Nc6
15. Nxc6 bxc6 16. Qxc6 Qa5+ 17. Nc3 Qxe5+ 18. Be2 Rb8 19. Rxb8 Qxb8 20. Qxe6+
1-0

[Event "ENCI Limburg-open A"]
[Site "Maastricht"]
[Date "2007.05.27"]
[Round "4"]
[White "Polak, Indra"]
[Black "Fernandez, Daniel"]
[Result "1/2-1/2"]
[WhiteElo "2226"]
[BlackElo "1975"]
[PlyCount "118"]
[EventDate "2007.05.25"]
[EventType "swiss"]
[EventRounds "7"]
[EventCountry "NED"]
[Source "P.Boonen"]
[SourceDate "2010.01.01"]

1. e4 e5 2. Nf3 Nc6 3. Bb5 a6 4. Ba4 Nf6 5. O-O Be7 6. Bxc6 dxc6 7. Qe1 O-O 8.
Nxe5 Re8 9. d3 Bc5 10. Nf3 Bg4 11. Be3 Bxf3 12. gxf3 Bd6 13. Bg5 h6 14. Bh4 Be5
15. Nc3 Qd6 16. Bg3 Nh5 17. Ne2 c5 18. Qd2 g5 19. c3 Rad8 20. d4 Nxg3 21. fxg3
cxd4 22. cxd4 Bxd4+ 23. Nxd4 Qxd4+ 24. Qxd4 Rxd4 25. Rac1 c6 26. Rfd1 Red8 27.
Rxd4 Rxd4 28. Rc2 Kf8 29. Kf2 Ke7 30. Ke3 Rd1 31. f4 f6 32. Kf3 Ke6 33. Re2
gxf4 34. gxf4 Rf1+ 35. Kg4 h5+ 36. Kg3 Rg1+ 37. Kh4 Rg4+ 38. Kxh5 Rxf4 39. h4
c5 40. Rc2 b6 41. b4 Rxe4 42. bxc5 bxc5 43. Rxc5 Ra4 44. Rc2 Kf7 45. Rg2 Rc4
46. Rg4 Rxg4 47. Kxg4 Kg6 48. a4 a5 49. h5+ Kh6 50. Kf5 Kxh5 51. Kxf6 Kh6 52.
Ke6 Kg6 53. Kd6 Kf6 54. Kc6 Ke6 55. Kb6 Kd6 56. Kxa5 Kc5 57. Ka6 Kc6 58. a5 Kc7
59. Ka7 Kc8 1/2-1/2

[Event "ENCI Limburg-open A"]
[Site "Maastricht"]
[Date "2007.05.27"]
[Round "4"]
[White "Renette, Hans"]
[Black "Ekat, Michael"]
[Result "1-0"]
[WhiteElo "2241"]
[BlackElo "2008"]
[PlyCount "37"]
[EventDate "2007.05.25"]
[EventType "swiss"]
[EventRounds "7"]
[EventCountry "NED"]
[Source "P.Boonen"]
[SourceDate "2010.01.01"]

1. d4 Nf6 2. Nf3 c5 3. g3 e6 4. Bg2 d5 5. O-O Be7 6. c4 O-O 7. cxd5 exd5 8. Nc3
Nc6 9. dxc5 Be6 10. Be3 Rc8 11. Qa4 Ng4 12. Bd4 Nxd4 13. Nxd4 Ne5 14. b4 a5 15.
a3 Bf6 16. Rad1 Nc4 17. Qb3 b6 18. Nxe6 fxe6 19. Nxd5 1-0

[Event "ENCI Limburg-open A"]
[Site "Maastricht"]
[Date "2007.05.27"]
[Round "4"]
[White "Reyniers, Pieter"]
[Black "Miesen, Fabian"]
[Result "1/2-1/2"]
[WhiteElo "2016"]
[BlackElo "2166"]
[PlyCount "119"]
[EventDate "2007.05.25"]
[EventType "swiss"]
[EventRounds "7"]
[EventCountry "NED"]
[Source "P.Boonen"]
[SourceDate "2010.01.01"]

1. e4 Nc6 2. Nc3 e6 3. g3 d5 4. d3 Bb4 5. Bd2 d4 6. Nce2 Bxd2+ 7. Qxd2 e5 8.
Bg2 Be6 9. f4 f6 10. Nf3 Qd6 11. a3 a5 12. O-O a4 13. fxe5 fxe5 14. Ng5 Nf6 15.
Nxe6 Qxe6 16. h3 O-O 17. g4 Ne7 18. Qg5 h6 19. Qd2 c5 20. g5 Nh5 21. Kh2 Qg6
22. gxh6 Qxh6 23. Qxh6 gxh6 24. Bf3 Nf4 25. Ng3 Ra6 26. Bg4 Rg6 27. Rf2 b5 28.
Raf1 Rb6 29. Nf5 Nxf5 30. Bxf5 Kf7 31. Rxf4 exf4 32. Rxf4 Ke7 33. Kg3 b4 34. e5
b3 35. cxb3 Rxb3 36. Rf2 c4 37. Kg4 c3 38. bxc3 Rxc3 39. Rd2 Rb8 40. Kf4 Rbb3
41. Rg2 Rxa3 42. Rg7+ Kf8 43. Rh7 Ra1 44. e6 Rf1+ 45. Ke5 Rc5+ 46. Kd6 Rcxf5
47. e7+ Kg8 48. e8=Q+ Kxh7 49. Qxa4 R1f4 50. Qe8 Kg7 51. Ke6 Rf8 52. Qh5 R8f6+
53. Ke7 R6f5 54. Qd1 Kg6 55. Kd6 Kg5 56. Qg1+ Kh4 57. Qg2 Rg5 58. Qh2 Rf6+ 59.
Ke7 Rf3 60. Qh1 1/2-1/2

[Event "ENCI Limburg-open A"]
[Site "Maastricht"]
[Date "2007.05.27"]
[Round "4"]
[White "Roggeveen, Pieter"]
[Black "Van den Bersselaar, Henri"]
[Result "1-0"]
[WhiteElo "2073"]
[BlackElo "1896"]
[PlyCount "69"]
[EventDate "2007.05.25"]
[EventType "swiss"]
[EventRounds "7"]
[EventCountry "NED"]
[Source "P.Boonen"]
[SourceDate "2010.01.01"]

1. c4 c5 2. Nc3 Nf6 3. Nf3 e6 4. g3 Nc6 5. Bg2 Be7 6. O-O O-O 7. d4 d5 8. cxd5
exd5 9. dxc5 Bxc5 10. Bg5 Be6 11. Rc1 Be7 12. Nb5 Qb6 13. a4 a6 14. Nbd4 Ne4
15. Rxc6 bxc6 16. Bxe7 Rfe8 17. Ba3 c5 18. Nxe6 Qxe6 19. Nd2 Rac8 20. Nxe4 dxe4
21. e3 f5 22. Qc2 c4 23. Rd1 Red8 24. Rxd8+ Rxd8 25. Bf1 Rc8 26. Bb4 h6 27. Qd2
Rc6 28. Qd4 Kh7 29. Bc3 Qf7 30. Qe5 Kg6 31. g4 Qd7 32. gxf5+ Qxf5 33. Qxg7+ Kh5
34. Be2+ Kh4 35. Qg3# 1-0

[Event "ENCI Limburg-open A"]
[Site "Maastricht"]
[Date "2007.05.27"]
[Round "4"]
[White "Schaeken, Yordi"]
[Black "Van Eijndhoven, Erik"]
[Result "1/2-1/2"]
[WhiteElo "1876"]
[BlackElo "2026"]
[PlyCount "47"]
[EventDate "2007.05.25"]
[EventType "swiss"]
[EventRounds "7"]
[EventCountry "NED"]
[Source "P.Boonen"]
[SourceDate "2010.01.01"]

1. e4 e6 2. d4 d5 3. e5 c5 4. c3 Qb6 5. Nf3 Bd7 6. Be2 Bb5 7. c4 dxc4 8. Nc3
cxd4 9. Nxb5 Qxb5 10. Qxd4 Nc6 11. Qxc4 Bb4+ 12. Kf1 Qxc4 13. Bxc4 Nge7 14. a3
Ba5 15. b4 Bc7 16. Bb2 O-O 17. g3 Ng6 18. Re1 Rfd8 19. h4 Rac8 20. Bb5 Bb6 21.
h5 Nge7 22. Rh4 a6 23. Ba4 Nf5 24. Rhe4 1/2-1/2

[Event "ENCI Limburg-open A"]
[Site "Maastricht"]
[Date "2007.05.27"]
[Round "4"]
[White "Schilperoort, Jeroen"]
[Black "Dam, Hans"]
[Result "1-0"]
[WhiteElo "1946"]
[BlackElo "2066"]
[PlyCount "59"]
[EventDate "2007.05.25"]
[EventType "swiss"]
[EventRounds "7"]
[EventCountry "NED"]
[Source "P.Boonen"]
[SourceDate "2010.01.01"]

1. e4 e6 2. Nc3 d5 3. f4 dxe4 4. Nxe4 Nf6 5. d3 Nxe4 6. dxe4 Qxd1+ 7. Kxd1 Bc5
8. Nf3 Nc6 9. Bd3 Bd7 10. Ke2 e5 11. f5 Nd4+ 12. Nxd4 Bxd4 13. c3 Bb6 14. Be3
Bxe3 15. Kxe3 Ke7 16. Rad1 Bc6 17. h4 Rad8 18. g4 h6 19. g5 Rd6 20. Be2 Rxd1
21. Rxd1 hxg5 22. hxg5 Rh3+ 23. Bf3 Rg3 24. Rh1 Rxg5 25. Kf2 b6 26. Rh8 Be8 27.
Be2 f6 28. b4 g6 29. fxg6 Rxg6 30. Bh5 1-0

[Event "ENCI Limburg-open A"]
[Site "Maastricht"]
[Date "2007.05.27"]
[Round "4"]
[White "Scholzen, Wolfgang"]
[Black "Saligo, Pieter"]
[Result "1-0"]
[WhiteElo "2001"]
[BlackElo "1807"]
[PlyCount "93"]
[EventDate "2007.05.25"]
[EventType "swiss"]
[EventRounds "7"]
[EventCountry "NED"]
[Source "P.Boonen"]
[SourceDate "2010.01.01"]

1. e4 c5 2. Nf3 d6 3. d4 cxd4 4. Nxd4 Nf6 5. Nc3 a6 6. Be2 e5 7. Nf3 Be7 8. O-O
Bg4 9. h3 Bh5 10. Bg5 Bg6 11. Bd3 Nbd7 12. Kh1 Nc5 13. Qe2 h6 14. Bxf6 Bxf6 15.
Nd5 O-O 16. Rfd1 Re8 17. c3 Be7 18. Bc2 Bf8 19. Rd2 Ne6 20. Qe3 Bh5 21. g4 Bg6
22. Nb6 Rb8 23. Nxe5 Nc5 24. Nbc4 Qc7 25. Nxg6 fxg6 26. Qd4 Rbd8 27. Ne3 Kh8
28. Nd5 Qd7 29. f4 Ne6 30. Qe3 Nc7 31. Bb3 Ne6 32. Rad1 Qc6 33. Kh2 Nc5 34. Bc2
Rb8 35. Kg3 Nd7 36. Qd4 b5 37. Nb4 Qb6 38. Kf3 Nc5 39. Nd5 Qd8 40. Qf2 Qc8 41.
Re2 Qb7 42. h4 a5 43. a3 Qf7 44. g5 h5 45. Kg3 Qd7 46. Qf3 Qf7 47. f5 1-0

[Event "ENCI Limburg-open A"]
[Site "Maastricht"]
[Date "2007.05.27"]
[Round "4"]
[White "Schut, Lisa"]
[Black "Akstinat, Sven Holger"]
[Result "1-0"]
[WhiteElo "1918"]
[BlackElo "2182"]
[PlyCount "51"]
[EventDate "2007.05.25"]
[EventType "swiss"]
[EventRounds "7"]
[EventCountry "NED"]
[Source "P.Boonen"]
[SourceDate "2010.01.01"]

1. e4 d5 2. exd5 Qxd5 3. Nc3 Qa5 4. d4 c6 5. Bc4 Bf5 6. Bd2 e6 7. Qe2 Nf6 8. d5
cxd5 9. Nxd5 Qd8 10. Nxf6+ Qxf6 11. O-O-O Nc6 12. g4 Bxc2 13. Kxc2 Nd4+ 14. Kb1
Nxe2 15. Bb5+ Kd8 16. Bg5+ Kc7 17. Bxf6 gxf6 18. Nxe2 Bh6 19. Rd7+ Kb6 20. Nc3
a6 21. Be2 Rhf8 22. Rhd1 Bf4 23. Bf3 Rab8 24. h3 Ka7 25. R1d4 Be5 26. Rb4 1-0

[Event "ENCI Limburg-open A"]
[Site "Maastricht"]
[Date "2007.05.27"]
[Round "4"]
[White "Seip, Rien"]
[Black "Zachariassen, Bjarne"]
[Result "1/2-1/2"]
[WhiteElo "2093"]
[BlackElo "1946"]
[PlyCount "65"]
[EventDate "2007.05.25"]
[EventType "swiss"]
[EventRounds "7"]
[EventCountry "NED"]
[Source "P.Boonen"]
[SourceDate "2010.01.01"]

1. d4 Nf6 2. c4 e5 3. dxe5 Ng4 4. Bf4 Nc6 5. Nf3 Bb4+ 6. Nbd2 Qe7 7. e3 Ngxe5
8. Nxe5 Nxe5 9. Be2 O-O 10. O-O Bxd2 11. Qxd2 d6 12. Rac1 b6 13. b4 Bb7 14. Bg3
a5 15. a3 axb4 16. axb4 Rfe8 17. Qb2 Qf6 18. Kh1 Be4 19. f3 Bg6 20. e4 Nd7 21.
Qxf6 Nxf6 22. c5 bxc5 23. bxc5 Nh5 24. cxd6 Nxg3+ 25. hxg3 cxd6 26. Bc4 Kf8 27.
Bd5 Ra7 28. Rc6 Ke7 29. Rfc1 Rd8 30. g4 f6 31. Rc7+ Rxc7 32. Rxc7+ Rd7 33. Rc8
1/2-1/2

[Event "ENCI Limburg-open A"]
[Site "Maastricht"]
[Date "2007.05.27"]
[Round "4"]
[White "Soors, Stef"]
[Black "Konings, Frans"]
[Result "0-1"]
[WhiteElo "2061"]
[BlackElo "2246"]
[PlyCount "94"]
[EventDate "2007.05.25"]
[EventType "swiss"]
[EventRounds "7"]
[EventCountry "NED"]
[Source "P.Boonen"]
[SourceDate "2010.01.01"]

1. d4 d5 2. c4 c6 3. Nc3 dxc4 4. a4 e5 5. dxe5 Qxd1+ 6. Kxd1 Na6 7. Bf4 Be6 8.
Nf3 O-O-O+ 9. Ke1 Nb4 10. Rc1 h6 11. h4 Bc5 12. Ne4 Na6 13. Nd6+ Kb8 14. e4
Bb4+ 15. Bd2 f6 16. Nxc4 fxe5 17. Ncxe5 Nf6 18. Nxc6+ bxc6 19. Bxa6 Rxd2 20.
Nxd2 Nxe4 21. Ke2 Nxd2 22. Rxc6 Bd5 23. Rcc1 Re8+ 24. Kd3 Be4+ 25. Kd4 Nb3+ 26.
Kc4 Nxc1 27. Rxc1 Be7 28. Re1 Bxh4 29. g3 Bd3+ 30. Kxd3 Rxe1 31. gxh4 Rh1 32.
Bc4 Rxh4 33. b3 Kc7 34. Ke3 Kd6 35. f4 Kc5 36. Kf3 Rh3+ 37. Kg4 Re3 38. Bf7 Kb4
39. Kf5 Rg3 40. Ke4 g6 41. Ke5 h5 42. f5 gxf5 43. Bxh5 Rxb3 44. Kxf5 Kxa4 45.
Ke4 Kb4 46. Kd4 a5 47. Bd1 a4 0-1

[Event "ENCI Limburg-open A"]
[Site "Maastricht"]
[Date "2007.05.27"]
[Round "4"]
[White "Sprangers, Remco"]
[Black "Hamblok, Roel"]
[Result "0-1"]
[WhiteElo "2207"]
[BlackElo "1943"]
[PlyCount "118"]
[EventDate "2007.05.25"]
[EventType "swiss"]
[EventRounds "7"]
[EventCountry "NED"]
[Source "P.Boonen"]
[SourceDate "2010.01.01"]

1. e4 Nc6 2. Nf3 Nf6 3. e5 Nd5 4. d4 d6 5. c4 Nb6 6. e6 fxe6 7. Nc3 g6 8. h4
Bg7 9. h5 e5 10. d5 Nd4 11. Nxd4 exd4 12. Ne4 Bf5 13. Bd3 Qd7 14. h6 Bf6 15.
Nxf6+ exf6 16. Bxf5 Qxf5 17. Qxd4 Qe5+ 18. Be3 Kd7 19. O-O-O Rhe8 20. b3 f5 21.
Qxe5 Rxe5 22. Rde1 Rae8 23. Kd2 Nc8 24. f3 a6 25. Bf2 Rxe1 26. Bxe1 Ke7 27.
Bh4+ Kf7 28. Rc1 Ne7 29. b4 Ng8 30. c5 Re5 31. cxd6 Rxd5+ 32. Ke3 c6 33. Bg5
Rxd6 34. a4 Nf6 35. Kf2 Nd5 36. b5 axb5 37. axb5 Nb4 38. Ra1 cxb5 39. Ra8 Ke6
40. Re8+ Kd5 41. Bf6 Nc6 42. Bg7 Nd8 43. Rh8 Nf7 44. Rc8 b4 45. Ke3 g5 46. Kd3
Ke6+ 47. Kc2 f4 48. Rc4 b3+ 49. Kxb3 Rd2 50. Re4+ Kf5 51. Re7 Kg6 52. Re6+ Kh5
53. Rf6 Ne5 54. Re6 Ng6 55. Kc4 Rxg2 56. Rb6 Rg3 57. Rb3 Nh4 58. Rxb7 Rxf3 59.
Bf8 Ng6 0-1

[Event "ENCI Limburg-open A"]
[Site "Maastricht"]
[Date "2007.05.27"]
[Round "4"]
[White "Steffens, Olaf"]
[Black "Costello, Colin"]
[Result "1-0"]
[WhiteElo "2258"]
[BlackElo "2004"]
[PlyCount "49"]
[EventDate "2007.05.25"]
[EventType "swiss"]
[EventRounds "7"]
[EventCountry "NED"]
[Source "P.Boonen"]
[SourceDate "2010.01.01"]

1. e4 e5 2. Nc3 Nf6 3. g3 Bc5 4. Bg2 O-O 5. Nge2 Nc6 6. O-O a6 7. h3 b5 8. a3
Bb7 9. Kh2 Nd4 10. d3 d5 11. exd5 Ba7 12. Ne4 Nxd5 13. c4 bxc4 14. dxc4 Nb6 15.
c5 Nxe2 16. Qxe2 Nd5 17. b4 Kh8 18. Bb2 Qe7 19. Rad1 Rad8 20. Qc4 Bc6 21. Qxa6
Qd7 22. Nf6 gxf6 23. Rxd5 Qe6 24. Rxd8 Rxd8 25. Qxc6 1-0

[Event "ENCI Limburg-open A"]
[Site "Maastricht"]
[Date "2007.05.27"]
[Round "4"]
[White "Taverniers, Peter"]
[Black "Perrenet, Jacob"]
[Result "0-1"]
[WhiteElo "1812"]
[BlackElo "2024"]
[PlyCount "52"]
[EventDate "2007.05.25"]
[EventType "swiss"]
[EventRounds "7"]
[EventCountry "NED"]
[Source "P.Boonen"]
[SourceDate "2010.01.01"]

1. c4 g5 2. Nc3 Bg7 3. d3 h6 4. g3 c5 5. Bg2 Nc6 6. Nf3 d6 7. O-O g4 8. Ne1 Bd7
9. f3 h5 10. fxg4 hxg4 11. Ne4 Qc7 12. Nc2 Nh6 13. Rb1 Nf5 14. Bf4 Ncd4 15. e3
Nxc2 16. Qxc2 f6 17. Nxc5 Qxc5 18. d4 Qc7 19. d5 Rc8 20. b3 Qc5 21. Be4 Nxe3
22. Bg6+ Kd8 23. Bxe3 Qxe3+ 24. Kg2 e5 25. Rbe1 Qg5 26. Bf5 Bxf5 0-1

[Event "ENCI Limburg-open A"]
[Site "Maastricht"]
[Date "2007.05.27"]
[Round "4"]
[White "Telke, Holger"]
[Black "Swinkels, Robin"]
[Result "0-1"]
[WhiteElo "2163"]
[BlackElo "2433"]
[PlyCount "66"]
[EventDate "2007.05.25"]
[EventType "swiss"]
[EventRounds "7"]
[EventCountry "NED"]
[Source "P.Boonen"]
[SourceDate "2010.01.01"]

1. d4 Nf6 2. Nf3 g6 3. e3 Bg7 4. Bd3 d5 5. O-O b6 6. Nbd2 Bb7 7. Ne5 O-O 8. f4
e6 9. g4 Nfd7 10. Rf3 f6 11. Nxg6 hxg6 12. Bxg6 Nc6 13. Rh3 Ne7 14. Bh5 f5 15.
g5 Bc6 16. Qe1 Nb8 17. Qh4 Be8 18. Bxe8 Rxe8 19. Qh7+ Kf7 20. Rh6 Nd7 21. Nf3
Rh8 22. Ne5+ Kf8 23. Qxh8+ Bxh8 24. Rxh8+ Ng8 25. Nc6 Qe8 26. Rh7 Ndf6 27. gxf6
Qg6+ 28. Kh1 Qxh7 29. b3 Nxf6 30. Ba3+ Kg7 31. Be7 Ng4 32. h4 Qh5 33. Rg1 Qe8
0-1